Kacír historický triler

Podrobná bibliografia
Hlavný autor: Parris, S. J., 1974- (Autor)
Ďalší autori: Kopecký Miroslav (prekladateľ) (Prekladateľ)
Médium: Kniha
Jazyk:slovenčina
angličtina
Fyzický popis:343 s. 24 cm
Vydavateľské údaje: Bratislava Ikar 2011
ISBN:9788055124698
Vydanie:[1. vyd.]
Predmet:

MARC

LEADER 00000cam a2200000 a 4500
001 vtls010286820
003 SK-MaSNL
005 20260301031842.0
008 240314s2011 xo g 000 f slo
015 |a SNBA2012/02-00981 
020 |a 9788055124698  |q (viaz.) 
035 |a 848FADA6-EE3A-41F3-9FA4-CE2038BCD6FE 
035 |a urn:nbn:sk:snk-amji53 
035 |a urn:nbn:sk:snk-am001z3s 
040 |a SNK  |b slo  |c SNK  |e AACR2 
041 1 |a slo  |h eng 
043 |a e-uk-en 
044 |a xo  |c SK 
072 7 |a 821.111-3  |x Anglická próza, anglicky písaná  |2 konspekt 
080 |a 821.111-31  |2 2001 
080 |a (0:82-311.6)  |2 2001 
080 |a (0:82-312.4)  |2 2001 
080 |a 94(410.1)  |2 2001 
100 1 |a Parris, S. J.,  |d 1974-  |4 aut  |9 145720 
240 1 0 |a Heresy  |l Slovensky 
245 1 0 |a Kacír  |b historický triler  |c S. J. Parrisová ; [z anglického originálu preložil Miroslav Kopecký] 
250 |a [1. vyd.] 
260 |a Bratislava  |b Ikar  |c 2011 
300 |a 343 s.  |c 24 cm 
500 |a S. J. Parris je umelecké meno spisovateľky Stephanie Merrittovej 
648 7 |a 16. stor.  |2 SNKPH  |9 293378 
648 7 |a 16th century  |2 SNKPHeng  |9 297960 
651 7 |a Anglicko  |x dejiny  |2 SNKPH  |9 56325 
651 7 |a England  |x History  |2 SNKPHeng  |9 107312 
655 7 |a anglické romány  |2 SNKPH  |9 70428 
655 7 |a historické romány  |2 SNKPH  |9 70253 
655 7 |a detektívne romány  |2 SNKPH  |9 70455 
655 7 |a English fiction  |2 SNKPHeng  |9 109944 
655 7 |a Historical novels  |2 SNKPHeng  |9 276887 
655 7 |a Detective novels  |2 SNKPHeng  |9 121444 
700 1 |a Kopecký Miroslav  |c (prekladateľ)  |4 trl  |9 328066 
919 |a 978-80-551-2469-8 
958 |a OND 
958 |a LX 
958 |a UP 
968 |b ENG  |d 821 
999 |c 577422  |d 579352 
952 |a SNK  |b SNK  |y PREZ  |7 0  |p 17A0718383  |o snkSC 146416 D1  |i snk2011/19590  |8 0  |0 0  |1 0  |4 0  |d 2011-09-21  |f 1  |l 0  |r 2026-02-23 14:38:12  |w 2026-02-23 
952 |a SNK  |b SNK  |y PREZ  |7 0  |p 17A0710830  |o snkSC 146416  |i snk2011/16794  |8 0  |0 0  |1 0  |4 0  |d 2011-08-03  |l 0  |r 2025-07-15 00:00:00  |w 2026-02-23